| 000 | 00539nam a2200145Ia 4500 | ||
|---|---|---|---|
| 008 | 140724s9999 xx 000 0 und d | ||
| 050 |
_aQA 76.5 _b.Sa161 2008 |
||
| 100 | _aSalanga, Carl Leonard B. | ||
| 245 | 4 |
_aThe computerized enrollment system of International Montessori School in Sta, Rosa Laguna / _cCarl Leonard B. Salanga. |
|
| 260 |
_aLas PiƱas, Philippines : _bSouthville International School and Colleges, _cc2008. |
||
| 300 |
_a84 p. : _bill. ; _c28 cm. |
||
| 521 | _aInformation Technology | ||
| 942 | _cTH | ||
| 999 |
_c229253 _d229253 |
||